00317nam a2200121Ia 4500008004100000041000800041082001600049100001600065245002800081260004400109300003100153365001100184240624s9999 xx 000 0 und d aeng a658.406 CLE aCLEMMER JIM aPATHWAYS TO PERFORMANCE c2007aNew DelhibPrentice-Hall of India axxx, : 322 : p. : cm. ; 22 cRSb36